000 00422pab a2200157 454500
008 180718b2015 xxu||||| |||| 00| 0 eng d
100 _aRoy, Indrajit
245 _aUtopia in crisis? subaltern imaginations in contemporary Bihar
260 _c2015
300 _ap.640-659.
362 _aNov
650 _aEthnology - India - Bihar
650 _aEthnology
773 _aJournal of Contemporary Asia
909 _a109458
999 _c109453
_d109453